| 000 | 00632 a2200193 4500 | ||
|---|---|---|---|
| 999 |
_c182813 _d182813 |
||
| 005 | 20211207114112.0 | ||
| 010 | _aENG-130216 | ||
| 020 |
_c995.00 _a978-81-92485-46-1 |
||
| 035 | _aEN-113748 | ||
| 037 | _bDBAD / PUB | ||
| 082 | _a954.035092 | ||
| 100 | _aVerma, B.C. | ||
| 245 |
_aSARDAR VALLABHBHAI PATEL: _cB.C. Verma |
||
| 250 | _a2015 | ||
| 260 |
_aDarya Ganj _bNisha Publications _c2015 |
||
| 270 |
_bNew Delhi _msales@nishabookdistributors.com _aG-11 A 4754/23, Akarshan Bhawan, Ansari Road, Darya Ganj _e110002 _k011-29258681 |
||
| 300 |
_a296p. _c22cm (hbk) |
||
| 942 |
_adpl _cEN _2ddc _h954.035092 _mVER |
||